Statistics for Double Lettered Animals

Click here to take the quiz!

General Stats

  • This quiz has been taken 20 times
  • The average score is 21 of 55

Answer Stats

Hint Answer Letter % Correct
All the workers are femaleBeeB
93%
Baby catKittenK
86%
Tallest land animalGiraffeG
79%
Fastest lang mammalCheetahC
79%
Moves soil quickly, eats antsAardvarkA
71%
Baby dogPuppyP
71%
Worm used in medical treatmentsLeechL
64%
Largest primateGorillaG
64%
Large Oceanic BirdAlbatrossA
64%
Morphs in cocoonButterflyB
64%
Male ChickenRoosterR
64%
Hard covered insectBeetleB
64%
Snaky fishEelE
57%
Ground dwelling monkeyBaboonB
57%
Ape with large earsChimpanzeeC
50%
Has palmate antlersMooseM
50%
Class of warm blooded vertebratesMammalM
50%
Nocturnal, bony platedArmadilloA
50%
Semi aquatic reptileAlligatorA
50%
Larvae form of mothCaterpillarC
50%
Smaller marsupial from AustraliaWallabyW
43%
Vividly colored birdParrotP
43%
Herbivore, marsupialKangarooK
43%
Domesticated polecatFerretF
43%
Large wild oxBuffaloB
43%
Uncastrated bovineBullB
43%
Greek for "River Horse"HippopotamusH
36%
Smallest bird is a type of thisHummingbirdH
36%
Marine coelenterate that stingsJellyfishJ
36%
Diving waterbirdLoonL
36%
Aquatic gentle mammalManateeM
36%
Wears MaskRaccoonR
36%
Hawk-like bird of preyBuzzardB
36%
Another name for GnuWildebeestW
29%
Has a wooly coatSheepS
29%
Semi-aquatic mammalOtterO
29%
Hoofed herbivoreDeerD
29%
antelope with curved hornsGazelleG
29%
Chirping insectGrasshopperG
21%
Small carniverous mammalMongooseM
21%
Tree dwelling rodentSquirrelS
21%
Northern/Arctic seabirdPuffinP
21%
Fearless seashore birdSeagullS
21%
Waterbird with short legsGooseG
14%
Mollusk with a ribbed fan-shaped shellScallopS
14%
Baby's toy on tailRattlesnakeR
14%
Bivalve molluskMusselM
14%
Southern Africa MongooseMeerkatM
14%
American MarsupialOpossumO
14%
South American rodentChinchillaC
7%
Small freshwater Eurasian fishMinnowM
0%
Small Old World birdSparrowS
0%
Has green plummageParakeetP
0%
Swift flying songbird, forked tailSwallowS
0%
Sidekick of BerettaCockatooC
0%

Score Distribution

Percentile by Number Answered

Percent of People with Each Score

Your Score History

You have not taken this quiz